| Tag |
First Indicator |
Second Indicator |
Subfields |
| LEADER |
00000pam a2200000 a 4500 |
| 001 |
in00000095577 |
| 005 |
20150923173710.0 |
| 008 |
810420s198 1 azub b s001 0 eng |
| 010 |
|
|
|a 81007446
|
| 020 |
|
|
|a 0816505586 :
|c $18.50
|
| 020 |
|
|
|a 0816507252 (pbk.) :
|c $9.50
|
| 035 |
|
|
|a (OCoLC)07554540
|
| 035 |
|
|
|9 AAK8224AM
|
| 039 |
0 |
|
|a 2
|b 3
|c 3
|d 3
|e 3
|
| 040 |
|
|
|a DLC
|c DLC
|d TXA
|d UtOrBLW
|
| 043 |
|
|
|a n-us-az
|a n-us---
|
| 049 |
|
|
|a TXAM
|c [1562021]
|
| 050 |
0 |
0 |
|a E99.Y94
|b B43
|
| 082 |
0 |
|
|a 970.004/97
|2 19
|
| 100 |
1 |
|
|a Bee, Robert L.
|
| 245 |
1 |
0 |
|a Crosscurrents along the Colorado :
|b the impact of government policy on the Quechan Indians /
|c Robert L. Bee.
|
| 264 |
|
1 |
|a Tucson, Ariz. :
|b University of Arizona Press,
|c [1981]
|
| 264 |
|
4 |
|c ©1981
|
| 300 |
|
|
|a xix, 184 pages :
|b maps ;
|c 24 cm.
|
| 336 |
|
|
|a text
|b txt
|2 rdacontent
|
| 337 |
|
|
|a unmediated
|b n
|2 rdamedia
|
| 338 |
|
|
|a volume
|b nc
|2 rdacarrier
|
| 500 |
|
|
|a Includes index.
|
| 504 |
|
|
|a Bibliography: pages 175-178.
|
| 650 |
|
0 |
|a Yuma Indians
|x History.
|
| 650 |
|
0 |
|a Yuma Indians
|x Government relations.
|
| 650 |
|
0 |
|a Indians of North America
|x Government relations.
|
| 999 |
|
|
|a MARS
|
| 999 |
f |
f |
|s 1fc485a1-d76b-3e40-86bc-7fbd6f49167a
|i b5ae5734-3c64-391c-a560-95a184c721ab
|t 0
|
| 952 |
f |
f |
|p normal
|a Texas A&M University
|b College Station
|c Sterling C. Evans Library
|d Evans: Library Stacks
|t 0
|e E99.Y94 B43
|h Library of Congress classification
|i unmediated -- volume
|m A14806010880
|
| 998 |
f |
f |
|a E99.Y94 B43
|t 0
|l Evans: Library Stacks
|